000 00682nam a2200265Ia 4500
005 20250425161352.0
008 250425s9999 xx 000 0 und d
020 _a9686223223
041 _aspa
082 _a620.112
100 _aFITZGERALD, ROBERT W.
245 0 _aMECANICA DE MATERIALES
250 _a1A ED.
260 _aMEXICO
260 _aMéxico
_bALFAOMEGA
_c1990
300 _a557
500 _aTítulo Traducido: MECHANICS OF MATERIALS
650 _aDEFORMACIONES (MECANICA)
650 _aESFUERZO (MECANICA)
650 _aRESISTENCIA DE MATERIALES
650 _aVIGAS
700 _aLUIS ORDOÑEZ REYNA
_etraductor
942 _c01
010 _a18732
999 _c207834
_d207834